Ric Hochet (Registo nº 1816)

Detalhes MARC
000 -Etiqueta do registo
Cabeçalho 00919nam a22003131 4500
005 - Identificador da versão
Campo de controlo 20240813121917.0
095 ## -
-- PTBN00224635
021 ## - Número do Depósito Legal
Código do país PT
Número 25629/89
Código do país PT
Número 25629/89
100 ## - Dados gerais de processamento
Dados gerais de processamento 20070511d1989 am.y0pory5003 ba
102 ## - Pais de publicação ou produção
País de publicação Portugal
101 1# - Língua de publicação
Língua do texto, banda sonora, etc. Português
106 ## - Campo de dados codificados: material textual
Dados codificados do material textual r
105 ## - Campo de dados codificados: livros
Dados codificados dos livros a t 000ay
215 ## - Descrição física 
Indicação específica da natureza do documento e extensão da espécie 46 p.
Outras indicações físicas todo il.
Dimensões 29 cm
200 1# - Titulo e menção de responsabilidade
Título próprio Ric Hochet
Informação de outro título inimigo através dos séculos
Primeira menção de responsabilidade Tibet & A. P. Duchateau
Outras menções de responsabilidade trad. e coord. Jorge Magalhães
225 2# - Colecção 
Título próprio da colecção Banda desenhada
Indicação de volume 2
210 ## - Publicação, Distribuição, etc. 
Lugar da edição, distribuição, etc. Lisboa
Nome do editor, distribuidor, etc. Futura
Data da publicação, distribuição, etc. cop. 1989
606 ## - Nome comum usado como assunto
Número de registo de entrada de autoridade 0000255
Palavra de ordem Literatura estrangeira juvenil
Subdivisão de assunto Banda desenhada
675 ## - Classificação Decimal Universal (CDU)
Notação 82-9
Edição
Língua da edição por
702 #1 - Nome de autor-pessoa física (responsabilidade secundária)
Número de registo de entrada de autoridade 0000257
Palavra de ordem Magalhães
Outra parte do nome não tomada para palavra de ordem Jorge
Código de função Editor literário / Coordenador
701 #1 - Nome de autor-pessoa física (co-responsabilidade principal)
Palavra de ordem Duchateau
Outra parte do nome não tomada para palavra de ordem A. P.
Datas 1925-
Código de função Autor / Co-autor
700 #0 - Nome de autor-pessoa física (responsabilidade principal)
Número de registo de entrada de autoridade 0000335
Palavra de ordem Tibet
Elementos de identificação ou distinção pseud.
942 ## - Elementos de entrada adicionados (Koha)
Tipo de item no Koha Livro
Exemplares
Situação do levantamento Origin of item (home branch) (coded) Biblioteca de empréstimo Código de barras Cota Circulation type (not for loan) Tipo de documento Nota do exemplar Damaged status
  Biblioteca Escolar da Coca Maravilhas Biblioteca Escolar da Coca Maravilhas BECM75/90 8BD RIC   Livro Sem mensagem